Tunnettuja suomalaisia parivaljakoita - Statistics

Yleistilastot
  • Tätä visaa on pelattu 95 kertaa
  • Keskiarvotulos 11 / 20
Vastaustilastot
% Oikein
Muumipeikko Niiskuneiti (Muumit)
87%
Tatu Patu (lastenkirjat)
84%
Paula Vesala Mira Luoti (PMMP)
83%
Nelli Nuudelipää Risto Räppääjä (lasten kirjat ja -elokuvat)
83%
Ulla Taalasmaa Seppo Taalasmaa (Salatut Elämät)
82%
Pekka Pätkä (elokuvat)
78%
Jare Brand Ville Galle (JVG)
63%
Teppo Ruohonen Matti Ruohonen (Matti ja Teppo)
61%
Mervi Tapola Matti Nykänen (pariskunta)
54%
Viivi Wagner (sarjakuva)
54%
Juuso Kallio Ville Eerikkilä (Viki&Köpi)
51%
Ville Myllyrinne Kari Ketonen (Ketonen&Myllyrinne)
50%
Jaajo Linnonmaa Anni Ihamäki ent. Hautala (Aamulypsy)
45%
Ida Paul Kalle Lindroth (Ida&Kalle -yhtye)
40%
Jonna Geagea Erin Anttila (Nylon Beat)
35%
Jonne Halttunen Kalle Rovanperä (rallikuski ja kartturi)
34%
Mathias Versluis Juulia Turkkila (taitoluistelu)
27%
Dosdela Seksikäs Suklaa (vaikuttajakaksikko)
18%
Rauno Repomies Kyösti Pöysti (Pasila)
17%
Janne Kaperi Kaitsu Rinkinen (Biisonimafia)
12%
Ehtoja vastaavia visoja ei löytynyt
Tulosjakauma
Jokaisen tuloksen saaneiden osuus
Persentiili vastausten määrän mukaan
Tuloshistoriasi
Et ole pelannut tätä visaa